| 000 | 00355nam a2200145 i 4500 | ||
|---|---|---|---|
| 001 | 81333 | ||
| 003 | ES-MaACL | ||
| 005 | 20230906174421.0 | ||
| 007 | t| | ||
| 008 | 041104s1962 sp ||||1| spa d | ||
| 245 | 0 | 0 | _aHuesca. |
| 260 |
_aHuesca : _bAlcoraz, _c[1962] |
||
| 300 |
_a134 p., 8 lám. : _bil. ; _c21 cm. |
||
| 852 |
_aES-MaACL _jC-27439 _bR.56589 |
||
| 999 |
_c81333 _d81333 |
||